000 00334 a2200109 4500
020 _a8173195056
082 _a628.144 BHA
100 _aBhave, P. R.
245 _aOptimal Design of Water Distribution Networks/
_cP R Bhave
260 _aNew Delhi :
_bNarosa Publishing House,
_c2003
300 _axviii, 449p. :
_bill. ;
_c25 cm
650 _awater Distribution Networks
999 _c1667
_d1667